La caja negra de Darwin: el reto de la bioquímica a la evolución

Shranjeno v:
Bibliografske podrobnosti
Glavni avtor: Behe, Michael J (Author)
Format: Knjiga
Jezik:španščina
Izdano: Barcelona Andrés Bello 1999
Izdaja:1a. ed
Teme:
Oznake: Označite
Brez oznak, prvi označite!

MARC

LEADER 00000cam a2200000 a 4500
001 UCG9231
003 CL-VaPUC
008 120302e19991200SP |||||||||||||||||spa|d
020 |a 8495407027 
082 0 4 |a 572.01  |b BEH  |2 21 
100 0 |a Behe, Michael J  |e author  |9 560713 
245 1 3 |a La caja negra de Darwin: el reto de la bioquímica a la evolución 
250 |a 1a. ed 
300 |a 364 p 
942 |c BK 
945 |d 20120302 00:00:00  |a dcastane 
260 |a Barcelona  |b Andrés Bello  |c 1999 
650 0 |a Bioquímica   |9 259492 
650 7 |a FENOMENOS BIOQUIMICOS  |2 CL-VaPUC  |9 360969 
650 0 |a Crítica e interpretación   |9 255042 
583 |a last modification  |c 20120302 10:37:00  |k Rodrigo Vera 
999 |c 346795  |d 346793 
952 |0 0  |1 0  |4 0  |6 572_010000000000000_BEH_1999  |7 0  |8 A  |9 447619  |a BIBEDU  |b BIBEDU  |d 2019-11-22  |i 483769K  |o 572.01 BEH 1999  |p 483769K  |r 2019-11-22  |w 2019-11-22  |y BK  |k EBA